IFM Opac

Corporate Governance and Accountability (Record no. 22120)

MARC details
000 -LEADER
fixed length control field 00314nam a22001337a 4500
020 ## - INTERNATIONAL STANDARD BOOK NUMBER
ISBN 978-1-199=56120-0
082 ## - DEWEY DECIMAL CLASSIFICATION NUMBER
Classification number 658.42
100 ## - MAIN ENTRY--AUTHOR NAME
Personal name Solomon, Jill
245 ## - TITLE STATEMENT
Title Corporate Governance and Accountability
250 ## - EDITION STATEMENT
Edition statement 5th
260 ## - PUBLICATION, DISTRIBUTION, ETC. (IMPRINT)
Place of publication Hoboken:
Name of publisher Wiley.
Year of publication 2021
300 ## - PHYSICAL DESCRIPTION
Number of Pages ix, 272p.: ill.; 25cm
942 ## - ADDED ENTRY ELEMENTS (KOHA)
Koha item type Books
Holdings
Withdrawn status Lost status Damaged status Not for loan Collection code Permanent Location Current Location Shelving location Date acquired Source of acquisition Full call number Accession Number Price effective from Koha item type
        Non-fiction IFM Main Campus Library IFM Main Campus Library Work Room processing 01/08/2026 Purchased 658.42 SOL 0000030512 01/08/2026 Books
        Non-fiction IFM Main Campus Library IFM Main Campus Library Work Room processing 01/08/2026 Purchased 658.42 SOL 0000030511 01/08/2026 Books
        Non-fiction IFM Main Campus Library IFM Main Campus Library Work Room processing 01/08/2026 Purchased 658.42 SOL 0000030510 01/08/2026 Books